Statistics for The Eras Tour Setlist

Click here to take the quiz!

General Stats

  • This quiz has been taken 987 times
    (207 since last reset)
  • The average score is 133 of 212

Answer Stats

HintAnswer% Correct
5Lover
99%
1Fearless
98%
1Miss Americana & The Heartbreak Prince
98%
2You Belong With Me
98%
2Cruel Summer
97%
6The Archer
97%
3Love Story
95%
3The Man
95%
4You Need To Calm Down
94%
1Enchanted
93%
2 (After SNTV Release)Long Live
93%
2willow
93%
4Look What You Made Me Do
92%
122
91%
7cardigan
91%
Melbourne 2Getaway Car/august/The Other Side Of The Door
91%
1Ready For It...?
91%
4august
90%
4champagne problems
90%
4All Too Well (10 Minute Version)
89%
2betty
89%
2Delicate
89%
3I Knew You Were Trouble
89%
3marjorie
89%
1Style
89%
1the 1
89%
5tolerate it
89%
3Don't Blame Me
88%
5illicit affairs
88%
2We Are Never Ever Getting Back Together
88%
2Anti-Hero
87%
5Bad Blood
87%
2Blank Space
87%
HAIM Showsno body, no crime (ft HAIM)
87%
3Shake It Off
87%
7Karma
85%
1Lavender Haze
85%
4Wildest Dreams
85%
3Midnight Rain
84%
3the last great american dynasty
84%
6Mastermind
83%
6my tears ricochet
81%
4Vigilante Shit
80%
Foxborough 3 | Melbourne 1Red
79%
1tis the damn season
79%
Foxborough 2Invisible
77%
5Bejeweled
75%
Singapore 4Fifteen/You're On Your Own, Kid
75%
1invisible string
74%
Sydney 3Haunted/exile
73%
Arlington 1Ours
73%
Singapore 1Clean/evermore
72%
East Rutherford 1Getaway Car
71%
Rio De Janeiro 3ME!
71%
Singapore 6mirrorball/epiphany
71%
Los Angeles 3 | Mexico City 3 | Tampa 2 | Tokyo 4You're On Your Own, Kid
71%
Sydney 2New Year's Day/peace
70%
Glendale 1mirrorball
69%
Las Vegas 1Our Song
69%
Los Angeles 2Our Song x2
69%
Singapore 3This Love/Call It What You Want
69%
Singapore 2Mine/Starlight
68%
Singapore 6Tim McGraw/cowboy like me
68%
Los Angeles 4exile
67%
Sydney 4Forever & Always/Maroon
67%
East Rutherford 1 | Mexico City 4Maroon
67%
Los Angeles 1Maroon x2
67%
Singapore 5Sparks Fly/gold rush
67%
Melbourne 3Come Back... Be Here/Daylight
66%
Phoebe ShowsNothing New (ft Phoebe Bridgers)
66%
Tampa 1Speak Now
66%
Glendale 1Tim Mcgraw
66%
Cincinnati 1evermore
65%
Singapore 2I Don't Wanna Live Forever/Dress
65%
Sydney 1White Horse/coney island
65%
Sydney 3Is It Over Now?/I Wish You Would
64%
Nashville 2Out Of The Woods
64%
Arlington 2 | East Rutherford 3Clean
63%
Minneapolis 2Daylight
63%
Minneapolis 2Dear John
63%
Singapore 4Death By A Thousand Cuts/Babe
63%
Los Angeles 4Dress
63%
Los Angeles 6New Year's Day
63%
Singapore 5False God/"Slut!"
61%
Atlanta 2Gorgeous
61%
Detroit 1Haunted
61%
Los Angeles 5King Of My Heart
61%
Nashville 3Mine
61%
Denver 1Picture To Burn
61%
Nashville 1Sparks Fly
61%
Glendale 2this is me trying
61%
Melbourne 2This Is Me Trying
61%
Las Vegas 2White Horse
61%
Sydney 4Would've Could've Should've/ivy
61%
Cincinnati 2Call It What You Want
60%
Los Angeles 1I Can See You
60%
Philly 2This Love
60%
Mexico City 4Afterglow
59%
Arlington 2 | Los Angeles 3Death By A Thousand Cuts
59%
Buenos Aires 2End Game
59%
Nashville 2Fifteen
59%
Buenos Aires 2Is It Over Now?
59%
Los Angeles 6New Romantics
59%
Pittsburgh 2seven
59%
Mexico City 3Cornelia Street
58%
Tampa 3Mean
58%
Philly 1gold rush
57%
Chicago 1I Wish You Would
57%
Foxborough 2Question...?
57%
Las Vegas 1 | Mexico City 2Snow On The Beach
57%
Seattle 1This Is Why We Can't Have Nice Things
57%
Atlanta 3 | Sydney 1How You Get The Girl
56%
Cincinnati 2ivy
56%
Minneapolis 1Paper Rings
56%
Buenos Aires 3"Slut!"
56%
Melbourne 3 | Nashville 1Teardrops On My Guitar
56%
Denver 2Back To December
55%
Rio De Janeiro 2Dancing With Our Hands Tied
55%
Los Angeles 5I Know Places
55%
Tampa 3mad woman
55%
Rio De Janeiro 3So It Goes...
55%
Glendale 2State Of Grace
55%
Mexico City 1Sweet Nothing
55%
East Rutherford 3Welcome To New York
55%
East Rutherford 2False God
54%
Nashville 3Would've Could've Should've
54%
Los Angeles 2You Are In Love
54%
Detroit 2All You Had To Do Was Stay
53%
Buenos Aires 3Better Than Revenge
53%
Las Vegas 2cowboy like me
53%
Kansas City 2dorothea
53%
Mexico City 1I Forgot That You Existed
53%
Buenos Aires 1Labyrinth
53%
Foxborough 1 | Sydney 2Should've Said No
53%
Denver 2Starlight
53%
Tampa 2The Great War
53%
Tokyo 1Dear Reader
52%
Kansas City 2Last Kiss
52%
Santa Clara 2Stay Stay Stay
52%
Chicago 1the lakes
52%
Rio De Janeiro 2Bigger Than The Whole Sky
51%
Atlanta 1coney island
51%
Chicago 3Hits Different
51%
São Paulo 1Now That We Don't Talk
51%
Santa Clara 1right where you left me
51%
Pittsburgh 2The Story Of Us
51%
Houston 1Wonderland
51%
Melbourne 1You're Losing Me
51%
Singapore 3Foolish One/Tell Me Why
50%
Philly 2Forever & Always
50%
Tokyo 3Superman
50%
Chicago 2I Don't Wanna Live Forever
49%
São Paulo 1Innocent
49%
Singapore 1long story short/The Story Of Us
49%
Denver 1Timeless
49%
Tampa 1Treacherous
49%
Kansas City 1When Emma Falls in Love
49%
Tokyo 2Electric Touch
48%
Pittsburgh 1Mr. Perfectly Fine
48%
Kansas City 1Never Grow Up
48%
São Paulo 3Say Don't Go
48%
Rio De Janeiro 1Suburban Legends
48%
Foxborough 1Better Man
47%
Santa Clara 1Castles Crumbling
47%
Philly 1Come Back... Be Here
47%
Philly 3Hey Stephen
47%
Atlanta 2High Infidelity
47%
Seattle 2Message In A Bottle
47%
Pittsburgh 1The Last Time
47%
Atlanta 1The Other Side Of The Door
47%
Buenos Aires 1The Very First Night
47%
Houston 3Begin Again
46%
Foxborough 3I Think He Knows
46%
Chicago 3The Moment I Knew
46%
Houston 3Cold As You
45%
East Rutherford 2 | Tokyo 1Holy Ground
45%
Arlington 1Sad Beautiful Tragic
45%
Houston 2A Place in this World
44%
Atlanta 3I Bet You Think About Me
44%
São Paulo 3it's time to go
44%
Seattle 1Everything Has Changed
43%
Detroit 1I Almost Do
43%
Philly 3The Best Day
43%
Arlington 3The Lucky One
43%
Tokyo 3The Outside
43%
Cincinnati 1I'm Only Me When I'm With You
41%
Arlington 3Jump Then Fall
41%
Rio De Janeiro 1Stay Beautiful
41%
Mexico City 2Tell Me Why
41%
Seattle 2Tied Together With A Smile
41%
Houston 1You're Not Sorry
41%
Detroit 2Breathe
39%
Tokyo 4Come In With The Rain
39%
Houston 2Today Was A Fairytale
39%
São Paulo 2Untouchable
39%
Minneapolis 1If This Was A Movie
37%
Chicago 2You All Over Me (ft. Maren Morris)
37%
Santa Clara 2All Of The Girls You Loved Before
36%
São Paulo 2Safe & Sound
35%
Tokyo 2Eyes Open
33%

Score Distribution

Percentile by Number Answered

Percent of People with Each Score

Your Score History

You have not taken this quiz since the last reset